Linear programming and economic analysis (Record no. 80529)

MARC details
000 -LEADER
fixed length control field 00665nam a2200157 a 4500
008 - FIXED-LENGTH DATA ELEMENTS--GENERAL INFORMATION
fixed length control field 120416s1958 ||||||||||||||||| || u
050 ## - LIBRARY OF CONGRESS CALL NUMBER
Classification number HB 71 Dor
100 ## - MAIN ENTRY--PERSONAL NAME
Personal name Dorfman, Robert
245 10 - TITLE STATEMENT
Title Linear programming and economic analysis
260 ## - PUBLICATION, DISTRIBUTION, ETC.
Place of publication, distribution, etc. New York
Name of publisher, distributor, etc. McGraw-Hill
Date of publication, distribution, etc. 1958
300 ## - PHYSICAL DESCRIPTION
Extent ix, 525p : ill.
350 ## -
-- 0.00
700 ## - ADDED ENTRY--PERSONAL NAME
Personal name Solow, Robert M
995 ## -
-- MAIN LIBRARY OPEN ACCESS
-- 0.00
-- 001818
-- CBU-MAIN LIBRARY (Kitwe)
-- 2
-- 0.00
-- HB 71 Dor
-- AVAILABLE
-- 001818
-- Main Library Open Access Collection
995 ## -
-- ANNEX COLLECTION (Main Library)
-- 0.00
-- 001817
-- CBU-MAIN LIBRARY (Kitwe)
-- 1
-- 0.00
-- HB 71 Dor
-- AVAILABLE
-- 001817
-- Annex Low-Usage Collection
999 ## -
-- 80529
-- 80529
Holdings
Withdrawn status Lost status Source of classification or shelving scheme Damaged status Not for loan Permanent Location Current Location Date acquired Total Checkouts Full call number Barcode Date last seen Price effective from Koha item type
          CBU-MAIN LIBRARY, KITWE. CBU-MAIN LIBRARY, KITWE. 06/30/2023   HB 71 Dor 001818 | 001817 06/30/2023 06/30/2023 MONOGRAPH